00337nam a2200133Ia 4500008004100000020001500041041001200056100002000068245005000088250000800138260003300146300000800179650001600187221030s9999 xx 000 0 und d a8126554270 aEnglish aA. Silberschatz 0aOperating System Conceptscby A. Silberschatz a9th bWilley Pub.aNew Delhic2015 a856 aBE Computer